| 000 | 01366nam a2200373Ia 4500 | ||
|---|---|---|---|
| 001 | ebr10560513 | ||
| 003 | CaPaEBR | ||
| 006 | m u | ||
| 007 | cr cn||||||||| | ||
| 008 | 111215s2012 nju sb 001 0 eng d | ||
| 010 | _z 2011049092 | ||
| 020 | _z9781118255247 | ||
| 020 | _z9781405198936 | ||
| 040 |
_aCaPaEBR _cCaPaEBR |
||
| 035 | _a(OCoLC)794620174 | ||
| 050 | 1 | 4 |
_aJC323 _b.C655 2012eb |
| 082 | 0 | 4 |
_a320.1/2 _223 |
| 245 | 0 | 2 |
_aA companion to border studies _h[electronic resource] / _cedited by Thomas M. Wilson and Hastings Donnan. |
| 260 |
_aHoboken : _bWiley Blackwell, _cc2012. |
||
| 300 | _axvi, 620 p. | ||
| 490 | 1 | _aBlackwell companions to anthropology | |
| 504 | _aIncludes bibliographical references and index. | ||
| 533 |
_aElectronic reproduction. _bPalo Alto, Calif. : _cebrary, _d2013. _nAvailable via World Wide Web. _nAccess may be limited to ebrary affiliated libraries. |
||
| 650 | 0 | _aBoundaries. | |
| 650 | 0 | _aBorderlands. | |
| 650 | 0 | _aPolitical geography. | |
| 650 | 0 | _aHuman geography. | |
| 655 | 7 |
_aElectronic books. _2local |
|
| 700 | 1 | _aWilson, Thomas M. | |
| 700 | 1 | _aDonnan, Hastings. | |
| 710 | 2 | _aebrary, Inc. | |
| 830 | 0 | _aBlackwell companions to anthropology. | |
| 856 | 4 | 0 |
_uhttp://site.ebrary.com/lib/rucke/Doc?id=10560513 _zAn electronic book accessible through the World Wide Web; click to view |
| 999 |
_c96224 _d96224 |
||